India and its army (Record no. 70991)

000 -LEADER
fixed length control field 00423nam a22001697a 4500
003 - CONTROL NUMBER IDENTIFIER
control field NUST - PNEC
005 - DATE AND TIME OF LATEST TRANSACTION
control field 20170116181152.0
008 - FIXED-LENGTH DATA ELEMENTS--GENERAL INFORMATION
fixed length control field 151201b xxu||||| |||| 00| 0 eng d
020 ## - INTERNATIONAL STANDARD BOOK NUMBER
International Standard Book Number 8170940494
040 ## - CATALOGING SOURCE
Transcribing agency LIBRARY
082 ## - DEWEY DECIMAL CLASSIFICATION NUMBER
Classification number 355.00954 KAD
100 ## - MAIN ENTRY--PERSONAL NAME
9 (RLIN) 15502
Personal name Kadian, Rajesh
245 ## - TITLE STATEMENT
Title India and its army
Statement of responsibility, etc. Rajesh Kadian,
260 ## - PUBLICATION, DISTRIBUTION, ETC.
Date of publication, distribution, etc. c1990.
650 ## - SUBJECT ADDED ENTRY--TOPICAL TERM
9 (RLIN) 15503
Topical term or geographic name entry element India. Army
General subdivision General
942 ## - ADDED ENTRY ELEMENTS (KOHA)
Source of classification or shelving scheme
Koha item type Book
Holdings
Withdrawn status Lost status Source of classification or shelving scheme Damaged status Not for loan Permanent Location Current Location Shelving location Date acquired Source of acquisition Total Checkouts Full call number Barcode Date last seen Price effective from Koha item type
          Pakistan Navy Engineering College (PNEC) Pakistan Navy Engineering College (PNEC)     Donated   355.00954 KAD PNECLIB-032198 12/01/2015   Book
© 2023 Central Library, National University of Sciences and Technology. All Rights Reserved.